[Event "RUS-chT Rapid Men 2018"]
[Site "Sochi"]
[Date "2018.10.09"]
[Round "6"]
[White "Derjabin, Ilja"]
[Black "Antipov, Mikhail Al."]
[Result "1-0"]
[WhiteElo "2345"]
[BlackElo "2593"]
[Annotator "ChessBase"]
[PlyCount "89"]
[EventDate "2018.10.05"]
[EventType "swiss"]
[EventCountry "RUS"]
[SourceTitle "playchess.com"]
[Source "ChessBase"]
[SourceQuality "1"]
[TimeControl "900+10"]

1. d4 {[%emt 0:00:11]} Nf6 {[%emt 0:00:00]} 2. c4 {[%emt 0:00:02]} e6 {[%emt 0:00:00]} 3. Nc3 {[%emt 0:00:01]} Bb4 {[%emt 0:00:00]} 4. a3 {[%emt 0:00:02]} Bxc3+ {[%emt 0:00:00]} 5. bxc3 {[%emt 0:00:01]} O-O {[%emt 0:00:00]} 6. f3 {[%emt 0:00:01]} d5 {[%emt 0:00:10]} 7. e3 {[%emt 0:00:03]} c6 {[%emt 0:00:02]} 8. cxd5 {[%emt 0:00:08]} cxd5 {[%emt 0:00:01]} 9. Bd3 {[%emt 0:00:02]} b6 {[%emt 0:00:03]} 10. Ne2 {[%emt 0:00:01]} Ba6 {[%emt 0:00:02]} 11. O-O {[%emt 0:00:13]} Qd7 {[%emt 0:01:18]} 12. e4 {[%emt 0:00:11]} h6 {[%emt 0:01:27]} 13. e5 {[%emt 0:02:04]} Ne8 {[%emt 0:00:01]} 14. g4 {[%emt 0:00:12]} Bxd3 {[%emt 0:00:34]} 15. Qxd3 {[%emt 0:00:01]} Nc6 {[%emt 0:00:01]} 16. Nf4 {[%emt 0:00:14]} Rc8 {[%emt 0:00:41]} 17. Ra2 {[%emt 0:00:03]} f6 {[%emt 0:01:39]} 18. Ng6 {[%emt 0:00:35]} Rf7 {[%emt 0:00:09]} 19. exf6 {[%emt 0:00:16]} Rxf6 {[%emt 0:00:01]} 20. g5 {[%emt 0:00:17]} hxg5 {[%emt 0:00:02]} 21. Bxg5 {[%emt 0:00:02]} Rf5 {[%emt 0:00:07]} 22. Rg2 {[%emt 0:00:03]} Nd6 {[%emt 0:00:21]} 23. h4 {[%emt 0:02:22]} Nf7 {[%emt 0:04:41]} 24. f4 {[%emt 0:00:35]} Nh8 {[%emt 0:00:33]} 25. h5 {[%emt 0:02:27]} Nxg6 {[%emt 0:02:14]} 26. hxg6 Qe8 27. Bh4 {[%emt 0:01:17]} Rh5 {[%emt 0:00:02]} 28. Bg5 {[%emt 0:00:15]} Ne7 {[%emt 0:00:23]} 29. Qe2 {[%emt 0:00:11]} Qxg6 {[%emt 0:00:14]} 30. Bxe7 {[%emt 0:00:07]} Qf7 {[%emt 0:02:03]} 31. Bf6 {[%emt 0:02:37]} Rh7 {[%emt 0:00:01]} 32. Qe5 {[%emt 0:00:29]} Rxc3 {[%emt 0:00:34]} 33. Qb8+ {[%emt 0:00:08]} Qf8 {[%emt 0:00:02]} 34. Qxf8+ {[%emt 0:00:02]} Kxf8 {[%emt 0:00:00]} 35. Be5 {[%emt 0:00:04]} Kf7 {[%emt 0:00:33]} 36. f5 {[%emt 0:00:11]} exf5 {[%emt 0:00:21]} 37. Rxf5+ {[%emt 0:00:03]} Ke6 {[%emt 0:00:01]} 38. Rf1 {[%emt 0:00:22]} g5 {[%emt 0:00:22]} 39. Rxg5 {[%emt 0:00:29]} Rxa3 {[%emt 0:00:01]} 40. Rg6+ {[%emt 0:00:03]} Kd7 {[%emt 0:00:01]} 41. Rc1 {[%emt 0:00:30]} Re7 {[%emt 0:00:44]} 42. Rc7+ {[%emt 0:00:06]} Kd8 {[%emt 0:00:01]} 43. Rg8+ {[%emt 0:00:12]} Re8 {[%emt 0:00:01]} 44. Rgg7 {[%emt 0:00:03]} Rf8 {[%emt 0:00:24]} 45. Rb7 {[%emt 0:00:12]} 1-0

[Event "RUS-chT Rapid Men 2018"]
[Site "Sochi"]
[Date "2018.10.09"]
[Round "6"]
[White "Inozemtsev, Sergei"]
[Black "Tenikashvili, Georgij"]
[Result "1-0"]
[WhiteElo "2310"]
[BlackElo "2361"]
[Annotator "TA"]
[PlyCount "133"]
[EventDate "2018.10.05"]
[EventType "swiss"]
[EventCountry "RUS"]
[SourceTitle "playchess.com"]
[Source "ChessBase"]
[SourceQuality "1"]

{[%evp 17,133,26,36,10,9,5,30,28,27,15,29,16,77,77,81,-90,0,0,0,-6,-5,0,-7,-14,-2,-9,8,-19,-3,-21,-28,-30,-31,-46,-48,-79,-60,-90,0,0,0,-33,-31,-29,-30,-19,-23,-137,-119,-108,-91,-156,-139,-118,-128,-146,-122,-217,-223,-207,-206,-191,-96,-214,75,-233,0,-586,-179,-190,-106,-387,-281,-275,129,98,97,93,100,33,26,42,102,78,273,285,493,482,6302,6303,6279,6191,5281,4786,29972,29977,29977,29978,29978,29979,29978,29977,29979,29978,29977,29978,29979,29980,29980,29979,29981,29982,29982,29980,29979,29980,29977,29976]} 1. e4 c6 2. d4 d5 3. exd5 cxd5 4. Bd3 Nc6 5. c3 Qc7 6. h3 Nf6 7. Nf3 g6 8. Qc2 {B13: Caro-Kann: Exchange Variation and Panov-Botvinnik Attack} (8. O-O Bf5 9. Re1 Bxd3 10. Qxd3 Bg7 11. Bg5 O-O 12. Nbd2 Rfe8 13. Re2 Nh5 14. Nb3 b6 15. Rae1 Nf4 16. Bxf4 Qxf4 {0-1 (91) Demchenko,A (2670)-Peralta,F (2556) Barcelona 2018}) 8... Bg7 9. O-O O-O {LiveBook: 13 Games} 10. Nbd2 {White is slightly better.} Nh5 11. Nb3 b6 $146 ({Predecessor:} 11... Nf4 12. Bxf4 Qxf4 13. Qd2 Qf6 14. Qe3 Bf5 15. Bxf5 Qxf5 {½-½ (39) Yarosh,R (2019)-Nechaeva,M (2431) St Petersburg 2017}) 12. Re1 Bb7 13. Be3 f6 14. Be2 Rae8 (14... Nd8 $11 {keeps the balance.}) 15. Qd2 $16 e5 16. g4 $2 (16. dxe5 $16 {keeps the pressure on. g4 is the strong threat.} fxe5 17. Qxd5+ Kh8 18. Qc4) 16... Nf4 (16... f5 $1 $17 {aiming for ...f4.} 17. gxh5 f4 18. Bxf4 Rxf4) 17. Bxf4 $1 $11 exf4 18. Bd3 Nd8 {[%cal Bc6d8,Bd8f7,Bf7d6][%mdl 32]} 19. Qc2 Nf7 20. Nbd2 Nd6 21. a4 Qd7 22. Kh2 Rxe1 23. Rxe1 Re8 24. Rxe8+ Qxe8 25. Qb3 Kh8 26. a5 bxa5 27. Kg2 Ba8 (27... Bf8 $17 28. Qa3 a4) 28. Qa3 Qd8 29. Qa2 Bc6 30. Nb3 a4 31. Nc5 Qe8 32. Qb1 (32. Bc2 $11) 32... Ne4 $17 33. Na6 Bb7 34. Nc7 (34. Nc5 $142 Nxc5 35. dxc5) 34... Qe7 35. Nb5 a6 36. Na3 f5 37. Qd1 (37. Qc1 $17 {is a better defense.}) 37... fxg4 $19 38. hxg4 Bc8 $1 {[%cal Rc8g4]} 39. Nh2 {[#]} Qh4 (39... h5 $1 $19 {[%cal Rh5g4][%mdl 512]} 40. Qf3 (40. gxh5 Qg5+) 40... Qg5) 40. Qf3 {[#]} (40. Qe2 $17) 40... Bf8 $2 ({Worse is} 40... Ng5 41. Qxf4 Qh3+ 42. Kg1 $15) (40... Bxg4 $1 $19 {[%mdl 512]} 41. Qxg4 (41. Nxg4 $2 Ng5 $19) 41... Qxf2+ 42. Kh3 h5 43. Qxg6 Qe3+ 44. Kg2 f3+ $1 {[%mdl 512]} 45. Kh3 Nf2+ 46. Kg3 h4+ 47. Kxh4 Nxd3) 41. Nc2 $2 {[%mdl 8192] [#]} (41. Bxe4 $16 dxe4 42. Qxf4) 41... Bd6 $2 (41... Bxg4 $1 $19 {[%mdl 512]} 42. Qxg4 (42. Nxg4 $2 Ng5 $19) 42... Qxf2+ 43. Kh3 a3 $1 {[%mdl 512]} 44. bxa3 Qd2 45. Bxe4 dxe4) 42. Ne1 $2 {[%mdl 8192] [#]} (42. Bxe4 $11 {and White is okay.} dxe4 43. Qxe4) 42... Qe7 $2 (42... Bxg4 $1 {[%mdl 512]} 43. Nxg4 (43. Qxg4 Qxf2+) 43... Ng5) 43. Qe2 Ng5 (43... a3 $19 44. bxa3 Nxc3) 44. Bxa6 $2 {[%mdl 8192]} (44. Qxe7 $17 {was worth a try.} Bxe7 45. Nhf3) 44... Bxa6 45. Qxa6 Qe4+ $2 (45... Qxe1 $19 46. Qxd6 Qxf2+ $1 {[%mdl 512]} 47. Kxf2 Ne4+ 48. Ke1 Nxd6) 46. Nef3 Be7 47. Qxa4 Kg7 {[#]} 48. Qd7 ({White should play} 48. Qe8 $1 $16) 48... h5 $1 $14 49. gxh5 gxh5 {[#]} 50. b4 $1 Nxf3 $2 (50... h4 $16 {was necessary.}) 51. Nxf3 $18 Qg6+ $2 (51... Kf6 52. Qc8 Kg7) 52. Kh2 Qe4 (52... Qf7 $142 53. Ne5 Qf6 54. Qxd5 f3 55. Nxf3 Qf7 56. Qe5+ Kg8 57. Qg3+ Kf8) 53. Ne5 Kf6 54. Qe8 {Intending Qf7+ and mate.} Qh7 55. Qc6+ Kf5 56. Qxd5 {White mates.} Kf6 57. Nc6 Bf8 58. Qe5+ Kf7 59. Qc7+ Kg6 60. Qxh7+ Kxh7 {[%mdl 4096] Endgame KB-KN} 61. b5 Kg6 62. b6 Bd6 63. b7 f3+ 64. Kh3 Kf5 65. b8=Q Bxb8 66. Nxb8 Ke4 67. Kg3 {Precision: White = 31%, Black = 49%.} 1-0

[Event "RUS-chT Rapid Men 2018"]
[Site "Sochi"]
[Date "2018.10.09"]
[Round "6"]
[White "Rozhko, Dmitry"]
[Black "Gutenev, Alexander"]
[Result "0-1"]
[WhiteElo "2305"]
[BlackElo "2456"]
[Annotator "TA"]
[PlyCount "88"]
[EventDate "2018.10.05"]
[EventType "swiss"]
[EventCountry "RUS"]
[SourceTitle "playchess.com"]
[Source "ChessBase"]
[SourceQuality "1"]

{[%evp 16,87,38,25,46,0,0,-38,-16,-57,-45,-52,8,-44,-39,-51,-52,-72,-42,-26,-13,-143,-29,-33,-38,-53,-32,-130,-111,-112,-109,-110,-110,-210,-210,-218,-214,-216,-216,-284,-274,-288,-279,-316,-298,-298,-296,-365,-362,-351,-345,-339,-335,-579,-538,-592,-592,-554,-537,-2407,-2387,-12836,-2771,-2418,-2417,-29978,-29979,-29979,-29979,-29997,-29998,-29998,-29999,-29999]} 1. e4 c5 2. c3 Nf6 3. e5 Nd5 4. Nf3 Nc6 5. Bc4 Nb6 6. Bb3 c4 7. Bc2 d6 8. exd6 Qxd6 9. O-O Bg4 {B22: Sicilian: 2 c3} (9... g6 10. b3 Bg7 11. Na3 cxb3 12. axb3 O-O 13. Nc4 Nxc4 14. bxc4 Be6 15. Qe2 Qc5 16. Ra4 Na5 17. d4 Qc7 18. Bd3 Rac8 19. Bf4 Qxf4 20. Rxa5 {½-½ (31) Piorun,K (2633)-Wojtaszek,R (2750) Warsaw 2018}) 10. Qe2 Qf6 11. Na3 Bxf3 {Black is slightly better.} 12. Qxf3 $146 ({Predecessor:} 12. gxf3 e6 13. Nxc4 Nxc4 14. Qxc4 Bd6 15. d4 Qh4 16. f4 g5 17. Be4 gxf4 {0-1 (52) Kulkarni,R (2280)-Narayanan,S (2448) Nagpur 2012}) 12... Qxf3 13. gxf3 Ne5 ({Better is} 13... e6 $15) 14. Be4 (14. f4 $11 Nd3 {[#]} 15. Nxc4 $1 {[%mdl 512]} Nxc1 16. Nxb6 Ne2+ 17. Kg2 Nxf4+ 18. Kf3 axb6 19. Kxf4) 14... O-O-O $15 15. b3 e6 16. f4 Bxa3 (16... Nd3 $5 {[%cal Rd3c1]} 17. Nxc4 Nxc4 18. bxc4 Nxc1 19. Rfxc1 Rxd2 $17) 17. Bxa3 Nd3 $36 {[%mdl 2048] White is under pressure.} 18. Rab1 (18. f5 $11 {remains equal.}) 18... f5 (18... Nxf4 $17 19. Rbd1 Rd7) 19. Bxd3 $1 $11 Rxd3 20. Rfe1 Re8 21. Re5 (21. Bc5 $15) 21... cxb3 22. axb3 Nd5 23. Rbe1 Kd7 24. c4 (24. Bc5 $17 {keeps fighting.}) 24... Nxf4 $19 25. R5e3 Rxd2 26. Bc1 Rc2 27. Rd1+ Kc8 28. Kf1 Rd8 29. Rxd8+ Kxd8 {[%mdl 4096] Endgame KRB-KRN} 30. Re1 {[#]} e5 $1 {[%cal Be6e5,Be5e4,Be4e3][%mdl 32]} 31. Be3 (31. Rxe5 Rxc1+) 31... Nd3 32. Rd1 e4 33. Bxa7 g5 {[%cal Bg7g5,Bg5g4][%mdl 32]} 34. Bd4 $2 (34. h3 {was necessary.}) 34... g4 35. Ra1 Kc7 36. Ra5 f4 37. Kg2 e3 38. Be5+ Kc6 (38... Nxe5 $142 39. Rxe5 f3+ 40. Kg3 exf2 41. Re7+ Kd8) 39. Rd5 Rxf2+ 40. Kg1 Ne1 {Black mates.} 41. Rd6+ Kc5 42. Rh6 Nf3+ 43. Kh1 Rf1+ 44. Kg2 Rg1# {Precision: White = 27%, Black = 61%.} 0-1

[Event "RUS-chT Rapid Men 2018"]
[Site "Sochi"]
[Date "2018.10.09"]
[Round "6"]
[White "Chos, Alexey"]
[Black "Savitskiy, Sergey"]
[Result "0-1"]
[WhiteElo "2296"]
[BlackElo "2413"]
[Annotator "TA"]
[PlyCount "64"]
[EventDate "2018.10.05"]
[EventType "swiss"]
[EventCountry "RUS"]
[SourceTitle "playchess.com"]
[Source "ChessBase"]
[SourceQuality "1"]

{[%evp 21,64,35,37,23,68,-29,-15,-36,-40,-85,-111,-195,-191,-173,-173,-178,-177,-180,-130,-167,-163,-206,-198,-198,-162,-274,-263,-366,-204,-202,-198,-224,-211,-431,-434,-526,-528,-628,-651,-777,-699,-1283,-1202,-1960,-1938]} 1. e4 c5 2. Nf3 d6 3. d4 cxd4 4. Nxd4 Nf6 5. Nc3 Nc6 6. Bg5 e6 7. Qd2 a6 8. O-O-O Bd7 9. Kb1 Be7 10. f3 h5 {B67: Sicilian: Richter-Rauzer: 7...a6 8 0-0-0 Bd7, lines without 9 f4 Be7} (10... b5 11. h4 h6 12. Be3 Nxd4 13. Qxd4 Qc7 14. g4 Bc6 15. Bh3 b4 16. Ne2 Rc8 17. Qd2 Nd7 18. Nd4 Ne5 {1-0 (56) Cheparinov,I (2718)-Karthikeyan,M (2609) Abu Dhabi 2018}) 11. h4 Qc7 {LiveBook: 5 Games} 12. a3 $146 ({Predecessor:} 12. Qf2 Ne5 13. Nce2 b5 14. Nc1 Nc4 15. c3 Rc8 16. Bd3 g6 17. Nc2 Nb6 18. Qg3 Na4 19. Rhe1 {0-1 (40) Zawadzki,S (2428)-Cicak,S (2534) Czechia 2005}) 12... Ne5 {White has an edge.} 13. Bf4 (13. f4 $14 Neg4 14. g3) 13... b5 $11 14. Qe1 O-O 15. Qg3 Rfb8 16. Bh6 (16. Na2 $17) 16... Ng6 $19 17. Bc1 b4 18. axb4 Rxb4 {[#] aiming for ...Qxc3.} 19. Na2 Rb7 20. Rd3 Rab8 21. Rb3 Rxb3 22. Nxb3 Ba4 23. Bxa6 (23. Qf2 $142) 23... Qa7 24. Be2 ({Reject} 24. Bc4 Ne5 $17) 24... Bxb3 (24... Ra8 $142 25. Nc3 d5) 25. cxb3 Rxb3 26. Nc3 Nd7 27. Qe1 $2 {[#]} (27. Bd1 Rb8 28. f4) 27... Bf6 {Black is clearly winning.} 28. Nd1 Nc5 29. Qd2 Rb8 30. Bc4 Ne5 {[%cal Bg6e5,Be5d3,Bd3b4][%mdl 32]} 31. Ba2 Ned3 32. Nc3 Nb4 {Precision: White = 11%, Black = 78%.} 0-1

[Event "RUS-chT Rapid Men 2018"]
[Site "Sochi"]
[Date "2018.10.09"]
[Round "6"]
[White "Jary, Sergey"]
[Black "Potkin, Vladimir"]
[Result "1/2-1/2"]
[WhiteElo "2286"]
[BlackElo "2597"]
[Annotator "ChessBase"]
[PlyCount "75"]
[EventDate "2018.10.05"]
[EventType "swiss"]
[EventCountry "RUS"]
[SourceTitle "playchess.com"]
[Source "ChessBase"]
[SourceQuality "1"]
[TimeControl "900+10"]

1. d4 {[%emt 0:00:00]} Nf6 {[%emt 0:00:00]} 2. Bf4 {[%emt 0:00:00]} c5 {[%emt 0:00:06]} 3. e3 {[%emt 0:00:12]} d5 {[%emt 0:00:05]} 4. Nf3 {[%emt 0:00:08]} Nc6 {[%emt 0:00:02]} 5. c3 {[%emt 0:00:07]} Qb6 {[%emt 0:00:13]} 6. Qb3 {[%emt 0:00:11]} c4 {[%emt 0:00:07]} 7. Qc2 {[%emt 0:00:01]} Bf5 {[%emt 0:00:08]} 8. Qc1 {[%emt 0:00:00]} Nh5 {[%emt 0:00:16]} 9. Be2 {[%emt 0:00:05]} Nxf4 {[%emt 0:00:18]} 10. exf4 {[%emt 0:00:01]} e6 {[%emt 0:00:03]} 11. O-O {[%emt 0:00:06]} Bd6 {[%emt 0:00:14]} 12. g3 {[%emt 0:00:07]} O-O {[%emt 0:01:01]} 13. Nbd2 {[%emt 0:00:13]} f6 {[%emt 0:00:51]} 14. b3 {[%emt 0:01:43]} cxb3 {[%emt 0:00:02]} 15. Nxb3 {[%emt 0:00:16]} e5 {[%emt 0:01:39]} 16. c4 {[%emt 0:00:18]} dxc4 {[%emt 0:02:15]} 17. Qxc4+ {[%emt 0:00:31]} Kh8 {[%emt 0:00:02]} 18. fxe5 {[%emt 0:01:25]} fxe5 {[%emt 0:00:01]} 19. Ng5 {[%emt 0:00:08]} Qc7 {[%emt 0:01:53]} 20. d5 {[%emt 0:00:38]} Nd4 {[%emt 0:00:59]} 21. Nxd4 {[%emt 0:00:18]} exd4 {[%emt 0:00:19]} 22. Qxc7 {[%emt 0:00:10]} Bxc7 {[%emt 0:00:01]} 23. Ne6 {[%emt 0:00:02]} Bxe6 {[%emt 0:01:19]} 24. dxe6 {[%emt 0:00:01]} Rae8 {[%emt 0:00:04]} 25. Bc4 {[%emt 0:00:55]} b5 {[%emt 0:00:01]} 26. Bxb5 {[%emt 0:02:33]} Rxe6 {[%emt 0:00:02]} 27. Rae1 {[%emt 0:00:23]} Rb6 {[%emt 0:00:35]} 28. Bd3 {[%emt 0:00:17]} Rb2 {[%emt 0:00:14]} 29. Re2 {[%emt 0:00:18]} Rxe2 {[%emt 0:00:28]} 30. Bxe2 {[%emt 0:00:01]} Bb6 {[%emt 0:00:02]} 31. Kg2 {[%emt 0:00:10]} g6 {[%emt 0:00:06]} 32. Bd3 {[%emt 0:00:04]} Rc8 {[%emt 0:00:13]} 33. f4 {[%emt 0:00:39]} Rc3 {[%emt 0:00:05]} 34. Rf3 {[%emt 0:00:02]} Kg7 {[%emt 0:00:06]} 35. f5 {[%emt 0:00:14]} gxf5 {[%emt 0:01:20]} 36. Bxf5 {[%emt 0:00:04]} Rxf3 {[%emt 0:01:53]} 37. Kxf3 {[%emt 0:00:02]} h6 {[%emt 0:00:02]} 38. Ke4 1/2-1/2

[Event "RUS-chT Rapid Men 2018"]
[Site "Sochi"]
[Date "2018.10.09"]
[Round "6"]
[White "Uzhva, Andrey"]
[Black "Okun, Evgeny"]
[Result "1-0"]
[WhiteElo "2270"]
[BlackElo "2163"]
[Annotator "TA"]
[PlyCount "123"]
[EventDate "2018.10.05"]
[EventType "swiss"]
[EventCountry "RUS"]
[SourceTitle "playchess.com"]
[Source "ChessBase"]
[SourceQuality "1"]

{[%evp 12,123,0,0,0,-7,-8,-64,50,-94,-86,-81,-96,-92,-98,-72,-46,-58,-43,-31,0,-37,0,-2,36,0,39,-119,0,5,33,29,26,25,38,23,35,6,7,10,16,0,76,35,31,0,0,0,0,0,176,0,0,0,0,-96,-96,-96,-96,-96,197,197,197,182,190,106,104,89,155,120,143,148,150,139,150,150,465,448,444,420,412,137,533,0,4,0,0,0,0,0,0,6,0,11,1212,837,12834,12833,12837,12837,12837,12838,12840,12840,12843,12844,12846,12847,12847,12847,12848,12848,12849,12849]} 1. Nf3 g6 2. g3 f5 3. Bg2 Bg7 4. d3 Nf6 5. c4 d6 6. Nc3 e5 7. e4 {LiveBook: 5 Games. A21: English Opening: 1...e5 2 Nc3} (7. O-O Nc6 8. Rb1 a5 9. a3 O-O 10. b4 axb4 11. axb4 h6 12. b5 Ne7 13. Qb3 Be6 14. Nd2 c6 15. Ba3 Rf7 16. bxc6 bxc6 17. Qb4 d5 18. Qd6 Qxd6 19. Bxd6 e4 20. cxd5 Nfxd5 21. Nxd5 Nxd5 22. dxe4 {½-½ (47) Nakamura,H (2793)-Svidler,P (2747) Zuerich 2017}) 7... Nc6 8. h3 O-O 9. Be3 $146 (9. exf5 $11 Bxf5 10. g4) ({Predecessor:} 9. O-O Bd7 10. exf5 gxf5 {1-0 (49) Pirisi,G (2295)-Van Leent,D (2277) Budapest 2004}) 9... Be6 (9... f4 $1 $15 10. Bc1 Nh5) 10. b3 {[#]} (10. Ng5 $14 {was the only good move.} Bd7 11. exf5) 10... f4 $1 $17 {[%cal Rf4e3][%mdl 512]} 11. Bd2 (11. gxf4 exf4) 11... fxg3 12. fxg3 Nh5 13. Ne2 Qd7 14. Be3 h6 15. Qd2 Kh7 16. Kf2 g5 17. Raf1 Rf6 18. Ke1 Raf8 19. h4 $2 (19. g4 $1 $14 {stays ahead.}) 19... g4 {[#]} (19... Bg4 $1 $17 {[%cal Rg4f3]} 20. hxg5 Rxf3 21. Bxf3 Rxf3) 20. Ng5+ $1 $11 {[%mdl 512]} hxg5 21. Rxf6 Nxf6 22. hxg5+ Kg8 {aiming for ...Nh7.} 23. gxf6 Rxf6 24. Nc3 Nd4 25. Bxd4 exd4 26. Ne2 Rf7 (26... c5 $11) 27. Qg5 Qe7 $1 {[%cal Re7g5]} 28. Qh5 {And now Nf4 would win.} (28. Qg6 $5 {[%cal Re2f4]}) 28... Be5 29. Nf4 {Threatens to win with Qg6+.} Bd7 30. Bf1 Rh7 $2 (30... Qf6 $11) 31. Qg6+ $2 ({White has to play} 31. Ng6 $1 $18 {[%cal Rg6e7]} Bxg3+ 32. Kd2 Rxh5 33. Nxe7+ Kf7 34. Rxh5 Bf4+ 35. Kd1 Kxe7 36. Rh7+ Ke8 37. Rh8+ Kf7 38. Rh7+ Ke8 39. Rh8+ Kf7 40. Rd8) 31... Rg7 $1 {[%cal Rg7g6]} 32. Qh6 Rh7 33. Ng6 (33. Qg6+ $11 {keeps the balance.} Rg7 34. Qh5) 33... Bxg3+ 34. Kd1 Rxh6 35. Nxe7+ Kf7 $2 {[%mdl 8192]} (35... Kh7 $17 {and life is bright.} 36. Rxh6+ Kxh6 37. Nf5+ Bxf5 38. exf5 Kg5) 36. Rxh6 $18 Kxe7 {[%mdl 4096] Endgame KRB-KB} 37. Rh7+ $1 Kd8 {[#]} 38. Be2 ({White should try} 38. Rh8+ $1 $18 Ke7 39. Rb8) 38... Be5 $16 39. Ke1 g3 (39... c5 $142) 40. Kf1 Be8 41. Bg4 b6 42. Kg2 a6 43. a4 c6 $2 (43... Bc6 $16 {is more resistant.} 44. Kh1 a5) 44. Ra7 a5 45. Rb7 d5 46. Rxb6 $2 (46. exd5 $18 Bd6 47. Rh7) 46... Kc7 $2 {[%mdl 8192] [#]} (46... dxe4 $16 47. Ra6 (47. dxe4 d3 $11) 47... exd3) 47. Ra6 $2 (47. c5 $1 $18) 47... Kb7 $1 $132 {[%cal Rb7a6][%mdl 2048] Black has counterplay} 48. Rxa5 Bc7 49. Rc5 Bb6 50. b4 Bxc5 51. bxc5 dxc4 52. dxc4 {KB-KB} d3 $2 {[%mdl 8192]} (52... Ka6 $11) 53. Kxg3 $18 {White is clearly winning.} Bf7 54. Kf4 Bxc4 55. Ke3 Bb3 56. a5 Bc2 57. e5 {[%cal Be4e5,Be5e6,Be6e7][%mdl 32]} Bb3 58. Kxd3 Ka6 59. e6 Kxa5 60. e7 Bf7 61. Bd7 Kb5 62. Kd4 {Precision: White = 47%, Black = 32%.} 1-0

[Event "RUS-chT Rapid Men 2018"]
[Site "Sochi"]
[Date "2018.10.09"]
[Round "6"]
[White "Kozak, Alexander"]
[Black "Lysyj, Igor"]
[Result "0-1"]
[WhiteElo "2262"]
[BlackElo "2631"]
[Annotator "TA"]
[PlyCount "90"]
[EventDate "2018.10.05"]
[EventType "swiss"]
[EventCountry "RUS"]
[SourceTitle "playchess.com"]
[Source "ChessBase"]
[SourceQuality "1"]

{[%evp 9,90,23,27,9,23,0,2,0,-2,-3,1,-11,5,2,4,2,12,12,28,0,20,11,20,13,16,18,20,24,31,20,15,21,52,27,14,16,24,-17,-16,-16,-16,-31,-16,-33,-30,-31,-31,-210,-79,-85,-12,-12,-15,-159,-158,-237,-230,-429,-426,-534,-529,-463,-342,-624,-601,-630,-638,-638,-553,-1102,-771,-1836,-1674,-2359,-1832,-3056,-2662,-4890,-2018,-2999,-2031,-6275,-4568]} 1. e4 e5 2. Nf3 Nc6 3. Bb5 Nf6 4. d3 Bc5 5. Bxc6 dxc6 6. h3 {C65: Ruy Lopez: Berlin Defence (3...Nf6), unusual lines and 4 0-0 Bc5} (6. O-O {is more complex.} Bd6 7. b3 Be6 8. Nbd2 Nd7 9. Nc4) (6. Nbd2 Be6 7. O-O Bd6 8. b3 O-O 9. Nc4 Bxc4 10. bxc4 Nd7 11. g3 b5 12. cxb5 cxb5 13. a4 a6 {½-½ (38) Giri,A (2782)-Aronian,L (2767) chess.com INT 2018}) 6... Nd7 7. Qe2 (7. O-O {looks sharper.} O-O 8. Nbd2 a5 9. Nc4 Re8 10. a4) 7... O-O 8. Be3 {The position is equal.} Re8 $146 ({Predecessor:} 8... Bxe3 9. fxe3 Qe7 10. Nc3 a5 11. O-O a4 12. a3 Nb6 13. g4 Bd7 {0-1 (78) Stripunsky,A (2570)-Ivanov,A (2529) Saint Louis 2013}) 9. Nbd2 a5 10. a4 Bf8 11. O-O b6 12. Nc4 Ba6 13. Nfd2 Nc5 14. Qg4 Bc8 15. Qg3 f6 16. f4 exf4 17. Bxf4 Ne6 18. Be3 Nd4 19. Bxd4 $1 Qxd4+ 20. Kh1 b5 21. axb5 cxb5 22. c3 Qd7 23. Rxa5 Bb7 $36 {[%mdl 2048] Black has good play.} 24. Rxa8 Rxa8 25. Na3 Bd6 26. Qe3 Bxa3 27. bxa3 Rxa3 28. e5 $2 (28. Nb1 $15 Ra1 29. Nd2 Rxf1+ 30. Nxf1) 28... fxe5 (28... Rxc3 $19 29. Ne4 Bxe4 30. Qxe4 Qxd3 31. Qa8+ Kf7 32. e6+ Ke7) 29. Ne4 $17 {[#] Threatens to win with Nc5.} Bxe4 (29... Bd5 $17) 30. Qxe4 {[%mdl 4096] Endgame KQR-KQR} h6 31. d4 (31. Qf3 $11 {keeps the balance.} Qe8 32. Qd5+ Kh7 33. Qe4+ Qg6 34. Qxe5) 31... exd4 {aiming for ...d3.} ({Don't play} 31... Rxc3 $6 32. Qa8+ Kh7 33. Qe4+ g6 34. Rf6 $11) 32. cxd4 {[#]} (32. Qf3 $17 Ra2 33. cxd4) 32... Ra4 $1 $19 33. Qg6 $2 (33. Rf4 {was necessary.}) 33... Rxd4 34. Qh5 Rd5 35. Qf3 c6 {[%cal Bc7c6,Bc6c5,Bc5c4,Bc4c3,Bc3c2][%mdl 32]} 36. Qb3 $2 (36. Kh2) 36... c5 {Black is clearly winning.} 37. Qf3 c4 38. Ra1 Qf5 39. Qe2 Kh7 40. Rf1 Qd3 41. Qf2 c3 42. Qf8 Rd8 43. Qf7 Rd7 (43... c2 $142 44. Rg1 b4) 44. Qf4 c2 {( -> ...Qxf1+!)} 45. Kh2 Qd6 {Precision: White = 22%, Black = 56%.} 0-1